[Event "Mendoza Mendocino-ch sf"]
[Site "Mendoza"]
[Date "2023.10.01"]
[Round "7"]
[White "Arena, Carlos"]
[Black "Grosso, Fabricio"]
[Result "1/2-1/2"]
[WhiteElo "1538"]
[BlackElo "1438"]
[PlyCount "115"]
[EventDate "2023.09.29"]
[EventType "swiss"]
[EventRounds "7"]
[EventCountry "ARG"]
[SourceTitle "CBM 216 Extra"]
[Source "ChessBase"]
[SourceDate "2023.11.30"]
[SourceVersion "1"]
[SourceVersionDate "2023.11.30"]
[SourceQuality "1"]

1. e4 c5 2. Nf3 d6 3. d4 cxd4 4. Nxd4 Nf6 5. Nc3 g6 6. Be3 Bg7 7. f3 0-0 8. Qd2 d5 9. exd5 Nxd5 10. Nxd5 Qxd5 11. c3 Nc6 12. Nb5 Qe5 13. 0-0-0 Bf5 14. Qf2 Rac8 15. Nd4 Nxd4 16. Bxd4 Bh6+ 17. Rd2 Qa5 18. g4 Be6 19. a3 Bb3 20. Be3 Rxc3+ 21. bxc3 Qxc3+ 22. Kb1 Bxe3 23. Rc2 Bxc2+ 24. Qxc2 Qe1+ 25. Kb2 Rd8 26. Kb3 Bf4 27. h4 Qe6+ 28. Bc4 Qb6+ 29. Ka4 Bd2 30. Rd1 Qa5+ 31. Kb3 b5 32. Bd3 Bf4 33. h5 Qa4+ 34. Ka2 Qxc2+ 35. Bxc2 Rxd1 36. Bxd1 a5 37. hxg6 hxg6 38. Kb3 Bd2 39. Kc2 Be1 40. Be2 b4 41. axb4 axb4 42. Bd1 Kg7 43. Kd3 Kf6 44. Ke4 Ke6 45. g5 f5+ 46. Ke3 Kd6 47. Bb3 Bh4 48. f4 e6 49. Bc4 Be1 50. Bb3 Bc3 51. Kf3 e5 52. fxe5+ Kxe5 53. Bf7 Bd2 54. Bxg6 Bxg5 55. Bf7 Kd4 56. Bg6 Ke5 57. Bf7 Bd2 58. Bc4 1/2-1/2

[Event "Mendoza Mendocino-ch sf"]
[Site "Mendoza"]
[Date "2023.09.30"]
[Round "3"]
[White "Arena, Carlos"]
[Black "Paglione, Carla"]
[Result "0-1"]
[WhiteElo "1538"]
[BlackElo "1486"]
[PlyCount "74"]
[EventDate "2023.09.29"]
[EventType "swiss"]
[EventRounds "7"]
[EventCountry "ARG"]
[SourceTitle "CBM 216 Extra"]
[Source "ChessBase"]
[SourceDate "2023.11.30"]
[SourceVersion "1"]
[SourceVersionDate "2023.11.30"]
[SourceQuality "1"]

1. e4 e6 2. d4 d5 3. Nc3 dxe4 4. Nxe4 Bd7 5. Nf3 Bc6 6. Bd3 Bxe4 7. Bxe4 c6 8. 0-0 Nf6 9. Bd3 Bd6 10. Re1 0-0 11. c3 Qc7 12. Bc2 Nbd7 13. Bg5 Rfe8 14. Ne5 Rac8 15. f4 Be7 16. Qd3 g6 17. h3 c5 18. Rac1 Nd5 19. Qf3 N5f6 20. Bb3 b5 21. Qe3 a5 22. Nxf7 Nf8 23. Bxe6 Nxe6 24. Qxe6 Bd8 25. Nh6+ Kg7 26. Qb3 Qd7 27. Qc2 cxd4 28. Qd3 Rf8 29. Re5 Bb6 30. Kh1 Rc5 31. Qxd4 Qxd4 32. Re7+ Kh8 33. cxd4 Rxc1+ 34. Kh2 Rc7 35. Re6 Bxd4 36. Rd6 Bxb2 37. f5 Be5+ 0-1

[Event "Mendoza Mendocino-ch sf"]
[Site "Mendoza"]
[Date "2023.09.30"]
[Round "5"]
[White "Arena, Carlos"]
[Black "Salomon Ferreyra, Jose Bautista"]
[Result "1/2-1/2"]
[WhiteElo "1538"]
[BlackElo "1462"]
[PlyCount "73"]
[EventDate "2023.09.29"]
[EventType "swiss"]
[EventRounds "7"]
[EventCountry "ARG"]
[SourceTitle "CBM 216 Extra"]
[Source "ChessBase"]
[SourceDate "2023.11.30"]
[SourceVersion "1"]
[SourceVersionDate "2023.11.30"]
[SourceQuality "1"]

1. e4 d6 2. d4 Nf6 3. Nc3 e5 4. dxe5 dxe5 5. Qxd8+ Kxd8 6. Bc4 Bb4 7. Nge2 Ke7 8. f3 c6 9. Be3 Nbd7 10. 0-0-0 Nb6 11. Bb3 Be6 12. Bxe6 Kxe6 13. a3 Bd6 14. Ng3 g6 15. Nf1 Rad8 16. Nd2 Nh5 17. g3 f5 18. exf5+ gxf5 19. Rhe1 Rhe8 20. g4 Nf6 21. h3 Bb8 22. Nb3 Rxd1+ 23. Nxd1 fxg4 24. Nc5+ Kd6 25. hxg4 Re7 26. Nb3 Kd7 27. Nc5+ Kc8 28. Rh1 Nbd5 29. Bg5 Rg7 30. Bxf6 Nxf6 31. Ne3 e4 32. Nf5 Rf7 33. g5 Ne8 34. fxe4 Bf4+ 35. Kb1 Bxg5 36. Rh5 Be7 37. Nxe7+ 1/2-1/2

[Event "Mendoza Mendocino-ch sf"]
[Site "Mendoza"]
[Date "2023.09.30"]
[Round "4"]
[White "Cesare, Emanuel"]
[Black "Arena, Carlos"]
[Result "0-1"]
[WhiteElo "1238"]
[BlackElo "1538"]
[PlyCount "36"]
[EventDate "2023.09.29"]
[EventType "swiss"]
[EventRounds "7"]
[EventCountry "ARG"]
[SourceTitle "CBM 216 Extra"]
[Source "ChessBase"]
[SourceDate "2023.11.30"]
[SourceVersion "1"]
[SourceVersionDate "2023.11.30"]
[SourceQuality "1"]

1. e4 e5 2. Nf3 Nc6 3. Bc4 Bc5 4. b4 Bxb4 5. c3 Ba5 6. d4 exd4 7. 0-0 d6 8. Qb3 Qe7 9. Ba3 Nf6 10. e5 Nxe5 11. Nxe5 Qxe5 12. cxd4 Qh5 13. Qe3+ Kd8 14. Nc3 Ng4 15. Qg3 Bxc3 16. Rac1 Bxd4 17. h3 Qe5 18. Kh1 Nxf2+ 0-1

[Event "Vicente Lopez ProAm 100 Years op"]
[Site "Buenos Aires"]
[Date "2022.10.17"]
[Round "8"]
[White "Arena, Carlos"]
[Black "Ortiz, Andres"]
[Result "0-1"]
[WhiteElo "1496"]
[BlackElo "1945"]
[PlyCount "42"]
[EventDate "2022.10.11"]
[EventType "swiss"]
[EventRounds "9"]
[EventCountry "ARG"]
[SourceTitle "CBM 210 Extra"]
[Source "ChessBase"]
[SourceDate "2022.11.30"]
[SourceVersion "1"]
[SourceVersionDate "2022.11.30"]
[SourceQuality "1"]

1. e4 c5 2. Nf3 d6 3. d4 cxd4 4. Nxd4 Nf6 5. Nc3 g6 6. Be3 Bg7 7. f3 Nc6 8. Qd2 0-0 9. Bc4 Bd7 10. 0-0-0 Rb8 11. Bb3 Na5 12. g4 b5 13. Nd5 Nc4 14. Bxc4 bxc4 15. Nxf6+ Bxf6 16. c3 Qa5 17. Kb1 Rb6 18. Nc2 Rxb2+ 19. Kxb2 Rb8+ 20. Kc1 Qxa2 21. Qe1 Ba4 0-1

[Event "Vicente Lopez ProAm 100 Years op"]
[Site "Buenos Aires"]
[Date "2022.10.13"]
[Round "3"]
[White "Arena, Carlos"]
[Black "Perez, Dalila"]
[Result "1-0"]
[WhiteElo "1496"]
[BlackElo "1748"]
[PlyCount "109"]
[EventDate "2022.10.11"]
[EventType "swiss"]
[EventRounds "9"]
[EventCountry "ARG"]
[SourceTitle "CBM 210 Extra"]
[Source "ChessBase"]
[SourceDate "2022.11.30"]
[SourceVersion "1"]
[SourceVersionDate "2022.11.30"]
[SourceQuality "1"]

1. e4 e6 2. d4 d5 3. Nc3 Bb4 4. e5 b6 5. Qg4 Bf8 6. Nf3 h6 7. Bd3 Ba6 8. Nb5 Qd7 9. a4 Ne7 10. h4 h5 11. Qg3 Bb7 12. 0-0 a6 13. Na3 Qxa4 14. Bg5 Qd7 15. Bxe7 Qxe7 16. Ng5 Nc6 17. c3 0-0-0 18. Nc2 b5 19. Rfe1 Qe8 20. Qf4 Rd7 21. Re3 Nd8 22. Rf3 Rh6 23. Qg3 Kb8 24. Re1 Bc8 25. b4 f6 26. Nh7 Be7 27. Qxg7 Rxh7 28. Qxh7 f5 29. Qh6 Bxh4 30. Qf4 Qe7 31. Rh3 Bg5 32. Qf3 h4 33. Na1 Bd2 34. Rd1 Bxc3 35. Bxb5 axb5 36. Qxc3 Qg5 37. Nb3 Rg7 38. Qf3 Nb7 39. Nc5 Nxc5 40. bxc5 Bd7 41. Rh2 Bc6 42. Qh3 Rh7 43. Qe3 Qg4 44. f3 Qh5 45. Kf2 Qg6 46. Rdh1 Qg3+ 47. Kf1 b4 48. Rh3 Bb5+ 49. Kg1 Qg6 50. Rxh4 Rg7 51. Qd2 b3 52. R1h2 f4 53. Rh8+ Kb7 54. Qa5 Rg8 55. Qxb5+ 1-0

[Event "Mendoza Mes de la Revolucion Cup"]
[Site "Mendoza"]
[Date "2021.05.08"]
[Round "2"]
[White "Arena, Carlos"]
[Black "Pereyra, Manuel1"]
[Result "1-0"]
[WhiteElo "1408"]
[BlackElo "1602"]
[PlyCount "63"]
[EventDate "2021.05.08"]
[EventType "tourn"]
[EventRounds "9"]
[EventCountry "ARG"]
[SourceTitle "CBM 202 Extra"]
[Source "ChessBase"]
[SourceDate "2021.07.31"]
[SourceVersion "1"]
[SourceVersionDate "2021.07.31"]
[SourceQuality "1"]

1. e4 c5 2. Nf3 d6 3. d4 cxd4 4. Nxd4 a6 5. Nc3 Nf6 6. f3 e5 7. Nb3 Be6 8. Be3 Be7 9. Qd2 0-0 10. 0-0-0 Qc7 11. g4 Rc8 12. g5 Nh5 13. Kb1 b5 14. Bd3 Nd7 15. f4 Nxf4 16. Bxf4 exf4 17. Qxf4 Nc5 18. Nxc5 Qxc5 19. Nd5 Bxd5 20. exd5 g6 21. h4 a5 22. h5 Kg7 23. hxg6 hxg6 24. Rde1 Qxd5 25. Be4 Qc4 26. Qd2 Rab8 27. Bd5 Qc7 28. Ref1 Rf8 29. Bxf7 Rxf7 30. Qd4+ Bf6 31. gxf6+ Kf8 32. Rh8# 1-0